000 00698nas a2200229 4500
001 BR5400310
003 BR-BrBNA
005 20231205081947.0
007 ta
008 230509b bl.|||p| |||| 00| 00por d
040 _aBR-BrBNA
_bpor
_cBiblioteca Nacional de Agricultura
041 _a(Pt)
072 _aH10
100 1 _aDunham, O.
245 1 _aContribuicao para o conhecimento coccideos dos "insecta-homoptera" da Bahia - 1 [Brasil]
650 _aCOCCIDEO
650 _aHOMOPTERO
650 _aBAHIA
773 0 _tBoletim do instituto Biologico da Bahia (Brazil)
_xISSN 0020-3661
_g(1954), v. 1(1) p. 63-74
_wBR5400310
909 _a202311
_bLúcia
_c55
_dLúcia Elande
942 _2AGRIS
_n0
_cANA
999 _c88153
_d88153